[Event "NATO-ch 30th"]
[Site "Berlin"]
[Date "2019.09.20"]
[Round "7.13"]
[White "Oblak, Nicholas"]
[Black "Pavlidou, Ekaterini"]
[Result "0-1"]
[WhiteElo "2048"]
[BlackElo "2178"]
[PlyCount "80"]
[EventDate "2019.09.14"]
[EventType "team-swiss"]
[EventRounds "7"]
[EventCountry "GER"]
[SourceTitle "EXT 2020"]
[Source "ChessBase"]
[SourceDate "2019.10.17"]
[SourceVersion "1"]
[SourceVersionDate "2019.10.17"]
[SourceQuality "1"]
[WhiteTeam "United States"]
[BlackTeam "Greece"]
[WhiteTeamCountry "USA"]
[BlackTeamCountry "GRE"]

1. e4 c5 2. Nf3 Nc6 3. d4 cxd4 4. Nxd4 e5 5. Nb3 d6 6. Nc3 Be6 7. Be3 Nf6 8. Be2 Be7 9. 0-0 0-0 10. f3 Rc8 11. Qd2 a6 12. Rad1 Qc7 13. Nd5 Bxd5 14. exd5 Nb8 15. c4 b6 16. Rc1 Nfd7 17. Bd3 a5 18. Qc2 g6 19. Qf2 f5 20. Bh6 Rf7 21. h4 Bf8 22. Bg5 a4 23. Na1 Bg7 24. b4 axb3 25. axb3 Rcf8 26. Qe2 e4 27. fxe4 f4 28. h5 gxh5 29. Nc2 Ne5 30. Ne1 Ng4 31. Nf3 Nd7 32. b4 Be5 33. Bb1 Rg7 34. Bh4 Ne3 35. Rf2 Kh8 36. Ba2 Rfg8 37. Kh1 Rg4 38. Kh2 Rxh4+ 39. Nxh4 f3+ 40. g3 fxe2 0-1

[Event "NATO-ch 30th"]
[Site "Berlin"]
[Date "2019.09.18"]
[Round "4.28"]
[White "Slaidins, Janis"]
[Black "Oblak, Nicholas"]
[Result "0-1"]
[WhiteElo "1834"]
[BlackElo "2048"]
[PlyCount "58"]
[EventDate "2019.09.14"]
[EventType "team-swiss"]
[EventRounds "7"]
[EventCountry "GER"]
[SourceTitle "EXT 2020"]
[Source "ChessBase"]
[SourceDate "2019.10.17"]
[SourceVersion "1"]
[SourceVersionDate "2019.10.17"]
[SourceQuality "1"]
[WhiteTeam "Latvia"]
[BlackTeam "United States"]
[WhiteTeamCountry "LAT"]
[BlackTeamCountry "USA"]

1. e4 c5 2. Nf3 g6 3. Bc4 Bg7 4. c3 d6 5. 0-0 Nf6 6. e5 dxe5 7. Nxe5 0-0 8. d4 cxd4 9. cxd4 Nbd7 10. f4 Nb6 11. b3 Bf5 12. Ba3 Nbd5 13. Qd2 Rc8 14. Bxd5 Nxd5 15. g4 Rc2 16. Qe1 Bxg4 17. Nd2 Bxe5 18. fxe5 Nc3 19. Qe3 Ne2+ 20. Kg2 Rxd2 21. Qxd2 Qd5+ 22. Kf2 Nxd4 23. Rac1 Qf3+ 24. Ke1 Qe4+ 25. Kf2 Bh3 26. Rg1 Qf5+ 27. Kg3 Qf3+ 28. Kh4 Nf5+ 29. Kg5 h6# 0-1

[Event "NATO-ch 30th"]
[Site "Berlin"]
[Date "2019.09.17"]
[Round "2.7"]
[White "Papasimakopoulos, Alexandros"]
[Black "Oblak, Nicholas"]
[Result "1-0"]
[WhiteElo "2218"]
[BlackElo "2048"]
[PlyCount "69"]
[EventDate "2019.09.14"]
[EventType "team-swiss"]
[EventRounds "7"]
[EventCountry "GER"]
[SourceTitle "EXT 2020"]
[Source "ChessBase"]
[SourceDate "2019.10.17"]
[SourceVersion "1"]
[SourceVersionDate "2019.10.17"]
[SourceQuality "1"]
[WhiteTeam "Greece"]
[BlackTeam "United States"]
[WhiteTeamCountry "GRE"]
[BlackTeamCountry "USA"]

1. d4 d5 2. c4 e6 3. Nc3 c5 4. cxd5 exd5 5. Nf3 Nf6 6. g3 Nc6 7. Bg2 Be7 8. 0-0 0-0 9. dxc5 Bxc5 10. a3 h6 11. b4 Bb6 12. Bb2 Be6 13. Na4 Ne4 14. Nxb6 Qxb6 15. Nd4 Rad8 16. Rc1 a5 17. b5 Nxd4 18. Qxd4 Qxd4 19. Bxd4 Rc8 20. a4 Nd2 21. Rfd1 Rxc1 22. Rxc1 Nb3 23. Rd1 Rc8 24. Be3 Rc4 25. Bxd5 Bxd5 26. Rxd5 Rxa4 27. Rd8+ Kh7 28. Rd7 Kg6 29. Rxb7 Nd4 30. b6 Nxe2+ 31. Kf1 Nc3 32. Rd7 Rb4 33. b7 Ne4 34. Ba7 Nf6 35. Rc7 1-0

[Event "NATO-ch 30th"]
[Site "Berlin"]
[Date "2019.09.16"]
[Round "1.38"]
[White "Oblak, Nicholas"]
[Black "Kries, Yvon"]
[Result "1-0"]
[WhiteElo "2048"]
[BlackElo "1741"]
[PlyCount "45"]
[EventDate "2019.09.14"]
[EventType "team-swiss"]
[EventRounds "7"]
[EventCountry "GER"]
[SourceTitle "EXT 2020"]
[Source "ChessBase"]
[SourceDate "2019.10.17"]
[SourceVersion "1"]
[SourceVersionDate "2019.10.17"]
[SourceQuality "1"]
[WhiteTeam "United States"]
[BlackTeam "Luxembourg"]
[WhiteTeamCountry "USA"]
[BlackTeamCountry "LUX"]

1. Nf3 f5 2. c4 Nf6 3. g3 e6 4. Bg2 Be7 5. 0-0 0-0 6. Nc3 c6 7. d4 d5 8. b3 b6 9. Bf4 Ba6 10. cxd5 Nxd5 11. Nxd5 cxd5 12. Qd2 Nd7 13. Rac1 Nf6 14. Ne5 Bc8 15. Qd3 Ne4 16. Nf3 Bd6 17. Ne5 g5 18. Nc6 Qe8 19. Bxd6 Nxd6 20. Qe3 Nf7 21. Ne5 Nxe5 22. Qxe5 Rf7 23. Bxd5 1-0

[Event "NATO-ch 29th"]
[Site "Lubbock"]
[Date "2018.06.07"]
[Round "5"]
[White "Andersen, Hans Christoph"]
[Black "Oblak, Nicholas"]
[Result "1/2-1/2"]
[WhiteElo "2213"]
[BlackElo "2036"]
[PlyCount "30"]
[EventDate "2018.06.04"]
[EventType "swiss"]
[EventRounds "7"]
[EventCountry "USA"]
[SourceTitle "EXT 2019"]
[Source "ChessBase"]
[SourceDate "2018.10.10"]
[SourceVersion "1"]
[SourceVersionDate "2018.10.10"]
[SourceQuality "1"]

1. d4 d5 2. c4 e6 3. Nf3 c5 4. cxd5 exd5 5. g3 Nc6 6. Bg2 Nf6 7. 0-0 Be7 8. dxc5 Bxc5 9. Qc2 Be7 10. Nc3 0-0 11. Rd1 h6 12. e4 d4 13. a3 Bg4 14. h3 Bxf3 15. Bxf3 Qc8 1/2-1/2

[Event "NATO-ch 29th"]
[Site "Lubbock"]
[Date "2018.06.07"]
[Round "6"]
[White "Oblak, Nicholas"]
[Black "Sycz, Dariusz"]
[Result "0-1"]
[WhiteElo "2036"]
[BlackElo "2222"]
[PlyCount "52"]
[EventDate "2018.06.04"]
[EventType "swiss"]
[EventRounds "7"]
[EventCountry "USA"]
[SourceTitle "EXT 2019"]
[Source "ChessBase"]
[SourceDate "2018.10.10"]
[SourceVersion "1"]
[SourceVersionDate "2018.10.10"]
[SourceQuality "1"]

1. d4 Nf6 2. c4 e6 3. Nc3 d5 4. Nf3 dxc4 5. e3 a6 6. Bxc4 b5 7. Be2 Bb7 8. Qc2 Nbd7 9. a3 c5 10. dxc5 Bxc5 11. 0-0 Rc8 12. b4 Bd6 13. Bb2 Qc7 14. h3 Ne5 15. Nd4 Qe7 16. Rac1 0-0 17. f4 Nc4 18. Bxc4 Rxc4 19. Qe2 Rfc8 20. Qd3 Bb8 21. Rfd1 Ba7 22. Nce2 h6 23. Nf3 Bxf3 24. gxf3 Nd5 25. Nd4 Bxd4 26. exd4 Qh4 0-1

[Event "NATO-ch 29th"]
[Site "Lubbock"]
[Date "2018.06.05"]
[Round "2"]
[White "Oblak, Nicholas"]
[Black "Nill, Oliver"]
[Result "1/2-1/2"]
[WhiteElo "2036"]
[BlackElo "2194"]
[PlyCount "75"]
[EventDate "2018.06.04"]
[EventType "swiss"]
[EventRounds "7"]
[EventCountry "USA"]
[SourceTitle "EXT 2019"]
[Source "ChessBase"]
[SourceDate "2018.10.10"]
[SourceVersion "1"]
[SourceVersionDate "2018.10.10"]
[SourceQuality "1"]

1. d4 g6 2. c4 Bg7 3. Nc3 Nf6 4. e4 d6 5. Nge2 0-0 6. Ng3 e5 7. d5 c6 8. h4 Qe7 9. Be2 Na6 10. h5 Nd7 11. hxg6 fxg6 12. Be3 Nc7 13. Qd2 a6 14. a4 a5 15. 0-0-0 c5 16. Nf1 Rf7 17. Nh2 Nf8 18. Nf3 Bf6 19. Ng5 Rg7 20. Rh2 b6 21. Rdh1 Bd7 22. Nf3 Rf7 23. Bh6 Bg7 24. Bxg7 Rxg7 25. b3 Re8 26. Nd1 Bg4 27. Ne3 Bc8 28. Nh4 Qg5 29. Nf3 Qf6 30. g3 Ree7 31. Ng1 Ne8 32. Bg4 Bd7 33. Nh3 Bxg4 34. Nxg4 Qf3 35. Nh6+ Kh8 36. Qc2 Qh5 37. Ng1 Qg5+ 38. Qd2 1/2-1/2

[Event "NATO-ch 28th"]
[Site "Budapest"]
[Date "2017.03.31"]
[Round "7"]
[White "Kersic, Matej"]
[Black "Oblak, Nicholas"]
[Result "1-0"]
[WhiteElo "2167"]
[BlackElo "2043"]
[PlyCount "61"]
[EventDate "2017.03.27"]
[EventType "swiss"]
[EventRounds "7"]
[EventCountry "HUN"]
[SourceTitle "CBM 177 Extra"]
[Source "ChessBase"]
[SourceDate "2017.04.27"]
[SourceVersion "1"]
[SourceVersionDate "2017.04.27"]
[SourceQuality "1"]

1. e4 d6 2. d4 Nf6 3. Nc3 g6 4. Nf3 Bg7 5. Be2 0-0 6. 0-0 Nbd7 7. h3 Nb6 8. Be3 Bd7 9. Qd2 Re8 10. Bh6 Bh8 11. Rad1 Qc8 12. Ng5 c5 13. d5 Bg7 14. Bxg7 Kxg7 15. f4 h6 16. Nf3 c4 17. Qd4 e6 18. dxe6 Bxe6 19. Qxd6 Bxh3 20. gxh3 Qxh3 21. Nh2 Qe3+ 22. Kh1 Rad8 23. Qa3 Nh5 24. Bxh5 gxh5 25. Rxd8 Rxd8 26. Qe7 Rd7 27. Qe8 Qd4 28. Rg1+ Kf6 29. Nf3 Qc5 30. Ne5 Qf2 31. Nxd7+ 1-0

[Event "NATO-ch 28th"]
[Site "Budapest"]
[Date "2017.03.30"]
[Round "6"]
[White "Oblak, Nicholas"]
[Black "Binder, Tamas"]
[Result "1/2-1/2"]
[WhiteElo "2043"]
[BlackElo "2247"]
[PlyCount "29"]
[EventDate "2017.03.27"]
[EventType "swiss"]
[EventRounds "7"]
[EventCountry "HUN"]
[SourceTitle "CBM 177 Extra"]
[Source "ChessBase"]
[SourceDate "2017.04.27"]
[SourceVersion "1"]
[SourceVersionDate "2017.04.27"]
[SourceQuality "1"]

1. e4 c6 2. d3 d5 3. Nd2 Nf6 4. g3 dxe4 5. dxe4 Bg4 6. Ngf3 Nxe4 7. h3 Bxf3 8. Qxf3 Nxd2 9. Bxd2 Qd5 10. Qxd5 cxd5 11. Bg2 e6 12. c4 Nc6 13. cxd5 exd5 14. Bxd5 Rd8 15. Bxc6+ 1/2-1/2